Les premiers voyageurs étrangers au Burundi et au Rwanda : les « compagnons obscurs » des « explorateurs » (notice n° 1592124)

détails MARC
000 -LEADER
fixed length control field 02052cam a2200169 4500500
005 - DATE AND TIME OF LATEST TRANSACTION
control field 20251228065746.0
041 ## - LANGUAGE CODE
Language code of text/sound track or separate title fre
042 ## - AUTHENTICATION CODE
Authentication code dc
100 10 - MAIN ENTRY--PERSONAL NAME
Personal name Chrétien, Jean-Pierre
Relator term author
245 00 - TITLE STATEMENT
Title Les premiers voyageurs étrangers au Burundi et au Rwanda : les « compagnons obscurs » des « explorateurs »
260 ## - PUBLICATION, DISTRIBUTION, ETC.
Date of publication, distribution, etc. 2005.<br/>
500 ## - GENERAL NOTE
General note 57
520 ## - SUMMARY, ETC.
Summary, etc. Résumé en kirundi Abazungu ba mbere bagendeye Afirika sibo bahateye isemo ya mbere nk’uko abantu benshi bavyibaza. Dufatiye nko ku ibihugu vyo hagati y’ibiyaga, izo ngenzi zaherekezwa n’abikorezi, ababereka inzira hamwe n’ababafasha gutahura ibivuzwe muzindi ndimi. Abo bantu ntibavugwa cane mu nkuru zivuga ivyo abo Bazungu babonye. Ariko wihweje neza ibivugwa muri izo nkuru, baravuga rimwe rimwe aba nya Afirika baharekeje abo Bazungu babasigurira ivyerekeye ibihugu baciye mwo, kandi uwo murimo bakawukora nk’abawumenyereye. Ivyanditswe mur’iki gikorwa birerekana kandi n’imirwi y’abadandaza hamwe n’abandi ba nya Afirika, n’aba nya Aziya, bakoreshwa muri urwo rudandazwa, abo nabo akaba aribo bateguriye Abanyaburaya inzira zo kwinjira mu Burundi no mu Rwanda.
520 ## - SUMMARY, ETC.
Summary, etc. European “explorers” were not the glorious pioneers one may imagine. In the Great Lakes Region of East Africa, as everywhere, they were accompanied by porters, guides, and interpreters, whose help as well as the information they provided are seldom acknowledged in European narratives of discovery. New attention to the scattered mentions concerning these travels points towards a cosmopolite universe of professional African informants and travel companions who found employment with these varied expeditions. This essay also discloses the extent of the networks used by African and Asian traders and middlemen who paved the road to European penetration in Burundi and Rwanda.
786 0# - DATA SOURCE ENTRY
Note Afrique & histoire | 4 | 2 | 2005-10-01 | p. 37-72 | 1764-1977
856 41 - ELECTRONIC LOCATION AND ACCESS
Uniform Resource Identifier <a href="https://shs.cairn.info/revue-afrique-et-histoire-2005-2-page-37?lang=fr&redirect-ssocas=7080">https://shs.cairn.info/revue-afrique-et-histoire-2005-2-page-37?lang=fr&redirect-ssocas=7080</a>

Pas d'exemplaire disponible.

PLUDOC

PLUDOC est la plateforme unique et centralisée de gestion des bibliothèques physiques et numériques de Guinée administré par le CEDUST. Elle est la plus grande base de données de ressources documentaires pour les Étudiants, Enseignants chercheurs et Chercheurs de Guinée.

Adresse

627 919 101/664 919 101

25 boulevard du commerce
Kaloum, Conakry, Guinée

Réseaux sociaux

Powered by Netsen Group @ 2025